| Record ID | ia:taleofichinghowb0000wuwe |
| Source | Internet Archive |
| Download MARC XML | https://archive.org/download/taleofichinghowb0000wuwe/taleofichinghowb0000wuwe_marc.xml |
| Download MARC binary | https://www.archive.org/download/taleofichinghowb0000wuwe/taleofichinghowb0000wuwe_meta.mrc |
LEADER: 00699cam a2200253 a 4500
001 2005904815
003 DLC
005 20110203081601.0
008 081222s2005 caua 001 0 eng d
010 $a 2005904815
020 $a9780943015477
020 $a0943015472
035 $a(OCoLC)ocm70186965
040 $aCRP$cCRP$dBAKER$dBTCTA$dDLC
042 $alccopycat
043 $aa-cc---
050 00 $aPL2464.Z6$bW855 2005
100 0 $aWu, Wei.
245 12 $aA tale of The I Ching :$bhow the book of changes began /$cby Wu wei.
250 $aNew rev. ed.
260 $aLos Angeles :$bPower Press,$cc2005.
300 $axiii, 120 p. :$bill. ;$c19 cm.
650 0 $aDivination$zChina.
630 00 $aYi jing.